[Event "Titled Tue 10th Jun Early"]
[Site "chess.com INT"]
[Date "2025.06.10"]
[Round "9"]
[White "Rosen, Eric"]
[Black "Antoniou, Rafail"]
[Result "1-0"]
[WhiteTitle "IM"]
[BlackTitle "CM"]
[WhiteElo "2377"]
[BlackElo "2134"]
[WhiteFideId "2032562"]
[BlackFideId "5904390"]
[EventDate "2025.06.10"]

1. d4 d5 2. Bf4 Nf6 3. Nf3 e6 4. e3 Bd6 5. Ne5 c5 6. Bb5+ Kf8 7. dxc5 Bxc5 8. c4
Qe7 9. cxd5 Nxd5 10. Bg3 Nd7 11. O-O N7f6 12. Nd2 a6 13. Be2 g6 14. e4 Nb6 15.
Rc1 Kg7 16. Qc2 Bd6 17. Nxg6 hxg6 18. e5 Bxe5 19. Bxe5 Nd7 20. Bg3 Kg8 21. Bf3
e5 22. Rfe1 Kg7 23. Nc4 Nh5 24. Bxe5+ Nxe5 25. Nxe5 Qh4 26. g3 Qg5 27. Bg2 Be6
28. Qc3 Nf6 29. h4 Qf5 30. b3 Rac8 31. Qe3 Rce8 32. Qd4 Rd8 33. Qb2 Kh7 34. Nf3
Kg7 35. Ng5 Bd5 36. Re5 Qd3 37. Re3 Qf5 38. Re5 Qd3 39. Rce1 Bxg2 40. Kxg2 Rd6
41. Re7 Qd5+ 42. Kg1 Kg8 43. Qe5 Qxe5 44. R1xe5 b5 45. Rxf7 Rh5 46. Ra7 Rd8 47.
Ree7 Nd5 48. Rg7+ Kh8 49. Rxg6 Nc3 50. Nf7+ 1-0

[Event "Titled Tue 10th Jun Early"]
[Site "chess.com INT"]
[Date "2025.06.10"]
[Round "9"]
[White "Williams, Simon K"]
[Black "Jasinski, Alexander"]
[Result "0-1"]
[WhiteTitle "GM"]
[WhiteElo "2444"]
[BlackElo "1989"]
[WhiteFideId "404454"]
[BlackFideId "55627994"]
[EventDate "2025.06.10"]

1. d4 Nf6 2. Bg5 g6 3. Bxf6 exf6 4. e3 Be7 5. Ne2 d6 6. Nf4 b6 7. Qf3 c6 8. h4
h5 9. Bd3 f5 10. c4 Bb7 11. Nc3 Qc7 12. O-O-O Nd7 13. Kb1 O-O-O 14. Rc1 Nf6 15.
a4 Kb8 16. Qe2 Qd7 17. Qc2 d5 18. cxd5 Nxd5 19. Ncxd5 cxd5 20. Bb5 Qd6 21. g3 a6
22. Be2 Rc8 23. Qb3 Ka7 24. Bf3 Rxc1+ 25. Rxc1 Rd8 26. Rc3 Rd7 27. Ka2 Qb4 28.
Nxd5 Qxb3+ 29. Kxb3 Bd8 30. Kc4 b5+ 31. axb5 axb5+ 32. Kc5 Bxd5 33. Bxd5 Be7+
34. Kxb5 Rxd5+ 35. Kc4 Rd6 36. d5 Kb7 37. Rb3+ Rb6 38. Rd3 Rxb2 39. d6 Bd8 40.
Kd5 Rxf2 41. Rb3+ Kc8 42. Rc3+ Kd7 43. Rd3 Rf3 44. Kc5 Rxg3 45. Rb3 Rg1 46. Rb7+
Ke6 47. Rb8 Rc1+ 48. Kd4 Bf6+ 49. Kd3 Kxd6 50. Rg8 Ke7 51. Rb8 Rh1 52. Rb7+ Kf8
53. e4 Kg7 54. exf5 gxf5 55. Ke3 Rxh4 56. Kf3 Rg4 57. Rb5 Kg6 58. Rb6 Kg5 59.
Kf2 h4 60. Rb8 Kf4 61. Rg8 Rxg8 0-1

[Event "Titled Tue 10th Jun Early"]
[Site "chess.com INT"]
[Date "2025.06.10"]
[Round "9"]
[White "Khalafvand, Dorsa Sadat"]
[Black "Bournel, Antoine"]
[Result "0-1"]
[WhiteTitle "WCM"]
[BlackTitle "IM"]
[WhiteElo "1985"]
[BlackElo "2423"]
[WhiteFideId "36767522"]
[BlackFideId "26093553"]
[EventDate "2025.06.10"]

1. c4 b6 2. Nc3 Bb7 3. d4 g6 4. Qc2 Bg7 5. e3 c5 6. d5 d6 7. Nf3 Nf6 8. e4 O-O
9. Be2 e6 10. O-O Nbd7 11. Bf4 Qe7 12. Rfd1 e5 13. Be3 Ng4 14. Bg5 f6 15. Bd2
Nh6 16. a3 Nf7 17. Ne1 Bh6 18. Bxh6 Nxh6 19. b4 f5 20. f3 cxb4 21. axb4 a5 22.
bxa5 bxa5 23. Nd3 Rfc8 24. Nb5 Nf7 25. Rdc1 fxe4 26. fxe4 Ng5 27. Bg4 Nxe4 28.
Bxd7 Qxd7 29. Nxe5 Qf5 30. Nf3 Bxd5 31. Qe2 Bb7 32. Nfd4 Qc5 33. Kh1 Re8 34. Qb2
a4 35. Rf1 Bc6 36. Rae1 a3 37. Qc2 Bxb5 38. Rxe4 Qxc4 39. Rxe8+ Rxe8 40. Qxc4+
Bxc4 41. Ra1 a2 42. h3 Rb8 43. Nc2 Rb2 44. Rc1 Rxc2 45. Ra1 Rb2 46. Kh2 Rb1 47.
Rxb1 axb1=Q 48. Kg3 Qe4 49. Kh2 Bd5 50. g4 0-1

[Event "Titled Tue 10th Jun Early"]
[Site "chess.com INT"]
[Date "2025.06.10"]
[Round "9"]
[White "Mishra, Manoj"]
[Black "Kapra, Jerjis"]
[Result "1/2-1/2"]
[WhiteTitle "CM"]
[WhiteElo "1941"]
[BlackElo "2055"]
[WhiteFideId "5006007"]
[BlackFideId "2640341"]
[EventDate "2025.06.10"]

1. d4 d6 2. Nf3 g6 3. g3 Bg7 4. Bg2 c5 5. O-O cxd4 6. Nxd4 Qb6 7. Nb3 Nc6 8. Nc3
Nf6 9. a4 Bd7 10. a5 Qd8 11. a6 bxa6 12. Rxa6 Qc8 13. Qd3 Nb4 14. Qf3 Nxa6 15.
Qxa8 Qxa8 16. Bxa8 Nb4 17. Be3 O-O 18. Bg2 Nxc2 19. Bxa7 Be6 20. Nd4 Nxd4 21.
Bxd4 Rb8 22. Na4 Rb4 23. Bxf6 Bxf6 24. Bc6 Bxb2 25. Rb1 Rc4 26. Bb5 Rc1+ 27.
Rxc1 Bxc1 28. Nc3 Bb2 29. Ne4 Bd5 30. Ng5 Bf6 31. Nh3 e5 32. f3 Be6 33. Nf2 d5
34. Kf1 Kf8 35. Ke1 Ke7 36. Kd2 Kd6 37. Kd3 Kc5 38. Be8 Bd8 39. e4 d4 40. f4 f6
41. Kc2 exf4 42. Nd3+ Kc4 43. Nxf4 Bc8 44. Bf7+ Kc5 45. Ne6+ Bxe6 46. Bxe6 Kd6
47. Bg8 Ke5 48. Bxh7 g5 49. Bf5 Bb6 50. Kd3 Ba7 51. h4 gxh4 52. gxh4 Kf4 53. h5
Kg5 54. Bg6 Bb6 55. Kc4 Ba7 56. Kd3 Bb6 57. Kc4 Ba7 58. Kd3 1/2-1/2

[Event "Titled Tue 10th Jun Early"]
[Site "chess.com INT"]
[Date "2025.06.10"]
[Round "9"]
[White "Diao, Matthew Guo"]
[Black "Molina, Roberto Junio Brito"]
[Result "0-1"]
[WhiteTitle "CM"]
[BlackTitle "IM"]
[WhiteElo "2244"]
[BlackElo "2381"]
[WhiteFideId "30970547"]
[BlackFideId "2109450"]
[EventDate "2025.06.10"]

1. d4 d5 2. c4 c6 3. Nc3 Nf6 4. Nf3 dxc4 5. a4 Bf5 6. Ne5 Nbd7 7. Nxc4 Nb6 8.
Ne5 a5 9. h4 h6 10. f3 Nfd7 11. Nxd7 Nxd7 12. e4 Bh7 13. Be3 Qb6 14. Qd2 e5 15.
dxe5 Bc5 16. Bxc5 Nxc5 17. Bc4 Rd8 18. Qf2 Qb4 19. Qe2 Rd4 20. Ba2 Nd3+ 21. Kf1
Nxe5 22. Rd1 O-O 23. Rxd4 Qxd4 24. Qf2 Qb4 25. Qd2 Kh8 26. Kg1 f5 27. exf5 Bxf5
28. Qe2 Qd4+ 29. Qf2 Qd6 30. Qg3 Be6 31. Bxe6 Nxf3+ 32. Qxf3 Rxf3 33. gxf3 Qxe6
34. Rh2 Qe3+ 35. Rf2 Qd4 36. f4 Qe3 37. Kg2 Qd3 38. f5 Qd4 39. Kg3 b5 40. axb5
cxb5 41. Rf4 Qe3+ 42. Rf3 Qd2 43. Nxb5 Qxb2 44. Na3 Qe5+ 45. Rf4 a4 46. Kg4 h5+
47. Kg5 Qe7+ 48. Kxh5 Qxa3 49. Kg6 Qe7 50. Rxa4 Qe8+ 51. Kg5 Qxa4 0-1

[Event "Titled Tue 10th Jun Early"]
[Site "chess.com INT"]
[Date "2025.06.10"]
[Round "9"]
[White "Le, Minh Tu"]
[Black "Lai, Duc Minh"]
[Result "1-0"]
[WhiteTitle "FM"]
[WhiteElo "1932"]
[BlackElo "2072"]
[WhiteFideId "12404888"]
[BlackFideId "12420387"]
[EventDate "2025.06.10"]

1. e4 c6 2. d4 d5 3. exd5 cxd5 4. c4 Nf6 5. Nc3 g6 6. Bg5 Bg7 7. Nf3 O-O 8. Bxf6
Bxf6 9. Nxd5 Bg7 10. Be2 Nc6 11. O-O e6 12. Nc3 Nxd4 13. Nxd4 Qxd4 14. Qxd4 Bxd4
15. Rac1 b6 16. Bf3 Rb8 17. Rfd1 Be5 18. b3 Bb7 19. Bxb7 Rxb7 20. g3 Rc8 21. Ne4
Rbc7 22. Nd6 Rd8 23. Nb5 Rcd7 24. Rxd7 Rxd7 25. c5 bxc5 26. Rxc5 Bf6 27. Rc7 Rd5
28. Nxa7 Rd1+ 29. Kg2 Rd2 30. Nc6 Rxa2 31. b4 Rb2 32. Rb7 Rc2 33. b5 h5 34. h3
g5 35. g4 hxg4 36. hxg4 Kg7 37. Kf3 Rc4 38. Rc7 Rc3+ 39. Ke4 Rb3 40. Rb7 Kg6 41.
b6 Bg7 42. Ne5+ Bxe5 43. Kxe5 Rb2 44. Kd6 Rxf2 45. Re7 1-0

[Event "Titled Tue 10th Jun Early"]
[Site "chess.com INT"]
[Date "2025.06.10"]
[Round "9"]
[White "Mayorau, Mikita1"]
[Black "Sayce, Hannah"]
[Result "0-1"]
[WhiteTitle "GM"]
[BlackTitle "WCM"]
[WhiteElo "2472"]
[BlackElo "1877"]
[WhiteFideId "13501720"]
[BlackFideId "3250695"]
[EventDate "2025.06.10"]

1. e4 c5 2. Nf3 d6 3. Bb5+ Nd7 4. a4 Nf6 5. d3 e6 6. c3 Be7 7. O-O O-O 8. a5 a6
9. Bc4 Qc7 10. Re1 h6 11. Nbd2 b5 12. axb6 Nxb6 13. Bb3 Bb7 14. Bc2 Nbd7 15. Nf1
Rfd8 16. Ng3 Ne5 17. Bf4 Nxf3+ 18. Qxf3 Qb6 19. Rab1 a5 20. Nh5 Nxh5 21. Qxh5
Bf6 22. Re3 e5 23. Bxh6 g6 24. Rg3 Rd7 25. Qf5 Bg7 26. Qxd7 Bxh6 27. Rf3 Rf8 28.
Qh3 Bg7 29. Qg3 Bc8 30. b3 Be6 31. c4 a4 32. bxa4 Qa5 33. h3 Qd2 34. Bb3 Bh6 35.
Rf1 Bf4 36. Bd1 Bxg3 37. Rxg3 Rb8 38. Bg4 Bxg4 39. Rxg4 Ra8 40. f3 Qxd3 41. f4
Qd4+ 42. Kh2 Qxe4 43. fxe5 Qxe5+ 44. Kh1 Rxa4 45. Rgf4 Ra7 46. g3 Re7 47. R4f3
Qe4 48. Kg2 Re5 49. Rf2 Rf5 50. h4 Rxf3 51. Rxf3 Qxc4 52. Rf2 Qd5+ 53. Kh3 c4 0-1

[Event "Titled Tue 10th Jun Early"]
[Site "chess.com INT"]
[Date "2025.06.10"]
[Round "9"]
[White "Cornelisse, Lorelei"]
[Black "Mikhailova, Irina"]
[Result "1-0"]
[WhiteTitle "WFM"]
[BlackTitle "WGM"]
[WhiteElo "2138"]
[BlackElo "2143"]
[WhiteFideId "1087177"]
[BlackFideId "4109040"]
[EventDate "2025.06.10"]

1. d4 Nf6 2. Nc3 d5 3. Bf4 c6 4. e3 Bf5 5. Nf3 g6 6. Ne5 Ne4 7. g4 Nxc3 8. bxc3
Be6 9. h4 Bg7 10. h5 O-O 11. h6 Bxe5 12. Bxe5 f6 13. Bg3 Qa5 14. Bd3 Qxc3+ 15.
Ke2 Bxg4+ 16. f3 Bf5 17. Bxf5 gxf5 18. Rg1 Kf7 19. Rb1 b5 20. Be1 Qc4+ 21. Kf2
a5 22. Rg7+ Ke6 23. a4 Nd7 24. axb5 cxb5 25. c3 Rg8 26. Rxh7 Rg6 27. Rg7 Rxg7
28. hxg7 Rg8 29. Qe2 Rxg7 30. Qxc4 bxc4 31. Rb7 Rh7 32. Kg2 Rg7+ 33. Bg3 f4 34.
exf4 Nf8 35. Ra7 Kf5 36. Rxa5 Ne6 37. Rxd5+ Kg6 38. f5+ Kf7 39. fxe6+ Kxe6 40.
Rc5 Kf7 41. Kf2 e5 42. dxe5 Ke6 43. Rc6+ Kd5 44. exf6 Rb7 45. Rd6+ Kc5 46. Rd4
Rb2+ 47. Ke3 Rb3 48. Bd6+ Kc6 49. f7 Rxc3+ 50. Ke4 Rc1 51. f8=Q 1-0

[Event "Titled Tue 10th Jun Early"]
[Site "chess.com INT"]
[Date "2025.06.10"]
[Round "9"]
[White "Mekhitarian, Krikor Sevag"]
[Black "Uraev, Ivan"]
[Result "0-1"]
[WhiteTitle "GM"]
[BlackTitle "FM"]
[WhiteElo "2564"]
[BlackElo "2194"]
[WhiteFideId "2107660"]
[BlackFideId "4192443"]
[EventDate "2025.06.10"]

1. Nf3 c5 2. c4 Nf6 3. Nc3 e6 4. d4 cxd4 5. Nxd4 a6 6. Bf4 d6 7. Nc2 Qc7 8. e3
Be7 9. Qd2 O-O 10. Rd1 Rd8 11. Be2 Nc6 12. O-O Ne5 13. b3 b6 14. Rc1 Bb7 15.
Rfd1 Rac8 16. Nd4 Ng6 17. Bg3 h5 18. h3 h4 19. Bh2 Bf8 20. Bf1 Ne4 21. Nxe4 Bxe4
22. c5 bxc5 23. Bxa6 Ra8 24. Bf1 Qb6 25. Nb5 e5 26. Nc3 Bc6 27. Bc4 Qb7 28. e4
Be7 29. a4 Bf6 30. f3 Qe7 31. Qe1 Bg5 32. Rc2 Bf4 33. Ne2 Be3+ 34. Kh1 Bd4 35.
Bg1 Bd7 36. Bf2 Qg5 37. a5 Be6 38. Bxe6 fxe6 39. b4 Bxf2 40. Qxf2 cxb4 41. Rcd2
Ra6 42. Nc1 Qe7 43. Nb3 Qc7 44. Qe2 Rda8 45. Rc2 Rc6 46. Rdc1 Rxc2 47. Rxc2 Qd7
48. Qd1 d5 49. exd5 exd5 50. Nc5 Qf7 51. a6 d4 52. Re2 Kh7 53. Qe1 Qc4 54. Ne4
b3 55. Ng5+ Kg8 0-1

[Event "Titled Tue 10th Jun Early"]
[Site "chess.com INT"]
[Date "2025.06.10"]
[Round "9"]
[White "Maglioni, Leonardo"]
[Black "Mikhalsky, Vladimir"]
[Result "0-1"]
[WhiteElo "2069"]
[BlackElo "2219"]
[WhiteFideId "2896830"]
[BlackFideId "14144352"]
[EventDate "2025.06.10"]

1. d4 g6 2. Bf4 Bg7 3. Nc3 c5 4. e3 Nf6 5. Qd2 O-O 6. O-O-O Qa5 7. Kb1 a6 8. Nd5
Qxd2 9. Nxe7+ Kh8 10. Rxd2 cxd4 11. Nxc8 dxe3 12. Bxe3 Rxc8 13. Nf3 Nc6 14. h3
b5 15. Be2 Na5 16. b3 Ne4 17. Bd3 Nxd2+ 18. Bxd2 Nc6 19. Bf4 d5 20. Rd1 Nb4 21.
Ne5 Nxd3 22. Rxd3 f6 23. Nf7+ Kg8 24. Nd6 Rc6 25. Rxd5 Rd8 26. Rd3 Bf8 27. Ne4
Rxd3 28. cxd3 f5 29. Nd2 Bd6 30. Be3 Bb4 31. Nf3 Bc3 32. d4 Bb4 33. Ne5 Rc8 34.
Nd3 Bd6 35. g3 Re8 36. Kc2 Re4 37. Kd2 g5 38. Bxg5 Rxd4 39. Be3 Re4 40. Ke2 Kf7
41. Kf3 Re8 42. h4 Rc8 43. a4 bxa4 44. bxa4 Rc4 45. a5 Ra4 46. Bb6 Ke6 47. Nb2
Ra3+ 48. Kg2 Kd5 49. Nd1 f4 50. g4 f3+ 51. Kf1 Ra1 52. Ke1 Bb4+ 0-1

[Event "Titled Tue 10th Jun Early"]
[Site "chess.com INT"]
[Date "2025.06.10"]
[Round "9"]
[White "Vlassov, Nikolai"]
[Black "Matinian, Nikita"]
[Result "0-1"]
[WhiteTitle "IM"]
[BlackTitle "GM"]
[WhiteElo "2291"]
[BlackElo "2421"]
[WhiteFideId "4103360"]
[BlackFideId "24129100"]
[EventDate "2025.06.10"]

1. e4 c5 2. c3 d5 3. exd5 Qxd5 4. d4 g6 5. dxc5 Qxd1+ 6. Kxd1 Nf6 7. b4 a5 8.
Nf3 Bg7 9. Bb5+ Nc6 10. Nd4 Bd7 11. Bxc6 bxc6 12. Re1 axb4 13. cxb4 Nd5 14. Bb2
Nxb4 15. Re3 O-O 16. Nd2 Rfd8 17. Rb3 Bg4+ 18. f3 Bxd4 19. Rxb4 Bxb2 20. Rxb2
Bf5 21. Ke2 Rd5 22. Nb3 Bd3+ 23. Ke3 Ra3 24. Rd1 Bc4 25. Rxd5 Bxd5 26. Kd4 f6
27. Kc3 e5 28. Rd2 Ra4 29. Kb2 Kf7 30. a3 Ke6 31. Nc1 Ra5 32. Rc2 Rb5+ 33. Kc3
Rxc5+ 34. Kd3 Ra5 35. Rc3 f5 36. Ne2 h5 37. Ke3 g5 38. g3 Ra4 39. f4 Re4+ 40.
Kf2 Bc4 41. Ng1 gxf4 42. Nf3 fxg3+ 43. hxg3 Kd5 44. Ng5 Rg4 45. Nf3 Bb5 46. Rc1
Ra4 47. Rd1+ Ke6 48. Ng5+ Kf6 49. Nh7+ Ke7 50. Ra1 h4 51. gxh4 Rxh4 52. Ng5 e4
53. a4 Bxa4 54. Ke3 Bb5 55. Kd4 Kf6 0-1

[Event "Titled Tue 10th Jun Early"]
[Site "chess.com INT"]
[Date "2025.06.10"]
[Round "9"]
[White "Gkavardinas, Antonios"]
[Black "Mompel Ferruz, Xavier"]
[Result "0-1"]
[WhiteTitle "FM"]
[BlackTitle "FM"]
[WhiteElo "2278"]
[BlackElo "2342"]
[WhiteFideId "25883097"]
[BlackFideId "54585775"]
[EventDate "2025.06.10"]

1. b3 d5 2. Bb2 Nf6 3. f4 c5 4. Nf3 Nc6 5. g3 g6 6. Bg2 Bg7 7. O-O O-O 8. e3 b6
9. Qe1 Bb7 10. d3 Re8 11. Nbd2 Nb4 12. Qd1 Ng4 13. Bxg7 Nxe3 14. Qe2 Nxf1 15.
Bh6 Nxd2 16. Qxd2 d4 17. Qe2 Qd6 18. Re1 Nd5 19. Ng5 Nc3 20. Qf2 Bxg2 21. Qxg2
Nd5 22. Ne4 Qd7 23. Bg5 f6 24. Bh6 a5 25. a4 Ne3 26. Rxe3 dxe3 27. h4 Qg4 28.
Nc3 Qh5 29. Qd5+ Qxd5 30. Nxd5 Rab8 31. Nxe3 e6 32. Nc4 b5 33. axb5 Rxb5 34. Nd6
Rbb8 35. Nxe8 Rxe8 36. Kf2 a4 37. bxa4 Ra8 38. f5 gxf5 39. Be3 Rxa4 40. Bxc5 Ra2
41. Kf3 Rxc2 42. Bd6 Kf7 43. Ke3 e5 44. Bb4 Ke6 45. Bf8 Rc7 46. Ba3 Ra7 47. Bc5
Ra4 48. Bf8 f4+ 49. gxf4 Rxf4 50. h5 Rh4 51. h6 Kd5 52. Bg7 f5 53. Kf3 Rh3+ 54.
Ke2 Kd4 55. Bh8 Re3+ 56. Kf2 Rxd3 0-1

[Event "Titled Tue 10th Jun Early"]
[Site "chess.com INT"]
[Date "2025.06.10"]
[Round "9"]
[White "Mohylnyi, Stepan"]
[Black "Chan, Mark"]
[Result "1/2-1/2"]
[WhiteTitle "FM"]
[BlackTitle "FM"]
[WhiteElo "2314"]
[BlackElo "2179"]
[WhiteFideId "34127836"]
[BlackFideId "5800560"]
[EventDate "2025.06.10"]

1. e4 e5 2. Nf3 Nf6 3. Nc3 Nc6 4. d4 exd4 5. Nxd4 Bb4 6. Nxc6 bxc6 7. Bd3 Bxc3+
8. bxc3 O-O 9. O-O d5 10. exd5 cxd5 11. h3 h6 12. Qf3 c6 13. Bf4 Be6 14. Rad1
Re8 15. c4 Qe7 16. Rfe1 Qc5 17. Bxh6 dxc4 18. Bf1 Qf5 19. Qxf5 Bxf5 20. Be3 Bxc2
21. Rc1 Bd3 22. Bxd3 cxd3 23. Rxc6 Rad8 24. Rd1 Rd7 25. Rc3 Red8 26. Ra3 d2 27.
Rxa7 Rxa7 28. Bxa7 Ne4 29. Be3 Ra8 30. f3 Nc3 31. Rxd2 Nxa2 32. Kf2 Nc3 33. Bd4
Nb5 34. Be5 Ra4 35. Rb2 Nd4 36. Bxd4 Rxd4 37. Ke3 Rd1 38. Rd2 Re1+ 39. Re2 Ra1
40. Kf4 Ra4+ 41. Re4 Ra2 42. g4 Rh2 43. Kg3 Rh1 44. h4 Kh7 45. h5 g6 46. hxg6+
Kxg6 47. Ra4 Rf1 48. Kf4 Rf2 49. Ra6+ Kg7 50. g5 Rf1 51. Kg4 Rf2 52. f4 Rb2 53.
Ra7 Rb5 54. Kh5 Rf5 55. Kg4 Rb5 56. f5 Kf8 57. g6 fxg6 58. fxg6 Kg8 59. Kf4 Rh5
60. Kg4 Rb5 61. Kf4 Rh5 62. Kg4 Rb5 1/2-1/2

[Event "Titled Tue 10th Jun Early"]
[Site "chess.com INT"]
[Date "2025.06.10"]
[Round "9"]
[White "Nguyen Quang Anh"]
[Black "Aradhya, Garg"]
[Result "1-0"]
[WhiteTitle "CM"]
[BlackTitle "IM"]
[WhiteElo "2052"]
[BlackElo "2370"]
[WhiteFideId "12432377"]
[BlackFideId "25006746"]
[EventDate "2025.06.10"]

1. d4 d5 2. c4 e6 3. Nc3 Nf6 4. cxd5 exd5 5. Bg5 c6 6. e3 h6 7. Bh4 Be7 8. Bd3
O-O 9. Qc2 Re8 10. Nge2 Nbd7 11. O-O a5 12. f3 b5 13. Rae1 Ba6 14. h3 b4 15. Na4
Bxd3 16. Qxd3 Qb8 17. b3 Qb5 18. Qd2 Bd6 19. Rc1 Re6 20. Rc2 Nb6 21. Nc5 Bxc5
22. Rxc5 Qa6 23. Nf4 Rd6 24. Bxf6 Rxf6 25. Rfc1 Nd7 26. R5c2 Qb7 27. Nd3 Re6 28.
Nf4 Rd6 29. Qd3 a4 30. e4 axb3 31. axb3 dxe4 32. fxe4 Qb6 33. Ne2 c5 34. e5 Nxe5
35. Qe4 cxd4 36. Qxa8+ Rd8 37. Rc8 d3+ 38. Kh1 Rxc8 39. Rxc8+ Kh7 40. Qe4+ Qg6
41. Qxe5 d2 42. Rd8 Qb1+ 43. Kh2 d1=Q 44. Rxd1 Qxd1 45. Qe4+ g6 46. Ng3 Qxb3 47.
Qf3 Kg7 48. Qxb3 1-0

[Event "Titled Tue 10th Jun Early"]
[Site "chess.com INT"]
[Date "2025.06.10"]
[Round "9"]
[White "Serra Canals, Oriol"]
[Black "Sakhayi, Mostafa"]
[Result "0-1"]
[WhiteTitle "CM"]
[BlackTitle "CM"]
[WhiteElo "2116"]
[BlackElo "2166"]
[WhiteFideId "22276084"]
[BlackFideId "12512532"]
[EventDate "2025.06.10"]

1. d4 Nf6 2. f3 d5 3. e4 dxe4 4. fxe4 Nxe4 5. Nc3 Nxc3 6. bxc3 Qd5 7. Nf3 Bg4 8.
Be2 Nc6 9. c4 Qe4 10. d5 Bxf3 11. gxf3 Qh4+ 12. Kf1 Ne5 13. Be3 O-O-O 14. Rb1
Nxc4 15. Bf2 Qh3+ 16. Kg1 Nb6 17. c4 e6 18. Qb3 exd5 19. c5 Bxc5 20. Bxc5 Rhe8
21. Bf1 Qf5 22. h4 Kb8 23. a4 Qf4 24. Rh2 Qxa4 25. Bxb6 Qxb3 26. Bxa7+ Kxa7 27.
Rxb3 c6 28. Ra2+ Kb8 29. Rab2 Re7 30. Kf2 b5 31. Rc2 Kb7 32. Rbc3 Rd6 33. Rc5
Kb6 34. Bh3 g6 35. Rc1 h5 36. Bf1 d4 37. Bd3 Red7 38. Be4 Rc7 39. R5c2 d3 40.
Rc3 c5 41. Rd1 c4 42. Rcc1 Rc5 43. Rb1 Re5 44. Ke3 f5 45. Kf4 fxe4 46. Kxe5 Rc6
47. Kxe4 Kc5 48. Ke3 Re6+ 49. Kd2 Re2+ 50. Kc3 Rc2# 0-1

[Event "Titled Tue 10th Jun Early"]
[Site "chess.com INT"]
[Date "2025.06.10"]
[Round "9"]
[White "Bezerra, Flavio Rodrigo Costa"]
[Black "Swara Lakshmi S Nair"]
[Result "1-0"]
[BlackTitle "WCM"]
[WhiteElo "2096"]
[BlackElo "2187"]
[WhiteFideId "2114704"]
[BlackFideId "25629239"]
[EventDate "2025.06.10"]

1. d4 Nf6 2. Bf4 g6 3. e3 Bg7 4. Nf3 d6 5. h3 O-O 6. Be2 Nfd7 7. c3 e5 8. Bh2
Nc6 9. O-O f5 10. a4 Kh8 11. a5 a6 12. Na3 g5 13. Nc4 g4 14. hxg4 fxg4 15. Nfd2
exd4 16. exd4 h5 17. f3 d5 18. Ne3 Qg5 19. f4 Qh4 20. Qe1 Qxe1 21. Raxe1 Nf6 22.
Bg3 Nxa5 23. Bh4 Be6 24. f5 Bf7 25. b4 Nc6 26. Nb3 Rae8 27. Bd3 Re7 28. Nc5 Rfe8
29. Nc2 Rxe1 30. Rxe1 Rxe1+ 31. Nxe1 Nd8 32. Nc2 Kg8 33. Ne3 Kf8 34. g3 Ke8 35.
Ng2 Nd7 36. Nf4 Nxc5 37. bxc5 a5 38. Kf2 Nc6 39. Bb5 Kd7 40. Ke2 Bh6 41. Nd3 Bg7
42. f6 Bf8 43. Ne5+ Ke6 44. Nxc6 bxc6 45. Bxc6 Bh6 46. Kd3 Bc1 47. c4 dxc4+ 48.
Kxc4 Bd2 49. d5+ Kf5 50. Bd7+ Kg6 51. Kd3 Bb4 52. d6 cxd6 53. c6 Bd5 54. c7 Bb7
55. c8=Q Bxc8 56. Bxc8 Bc5 57. Bd7 Bf2 58. Be8+ Kh7 59. f7 Kg7 60. Be7 1-0

[Event "Titled Tue 10th Jun Early"]
[Site "chess.com INT"]
[Date "2025.06.10"]
[Round "9"]
[White "Golubovskis, Maksims"]
[Black "Bruhovich, Olexandr"]
[Result "0-1"]
[WhiteTitle "FM"]
[BlackTitle "CM"]
[WhiteElo "2228"]
[BlackElo "2208"]
[WhiteFideId "11608528"]
[BlackFideId "14119919"]
[EventDate "2025.06.10"]

1. d4 Nf6 2. c4 d6 3. Nf3 Nbd7 4. Nc3 g6 5. e4 Bg7 6. Be2 O-O 7. h3 e5 8. d5 Nc5
9. Qc2 a5 10. Be3 b6 11. g4 h5 12. Nh2 hxg4 13. Nxg4 Nh5 14. Nh6+ Kh7 15. Bxh5
Bxh6 16. Bxh6 Kxh6 17. Be2 Qg5 18. h4 Qf4 19. Qd2 Qxd2+ 20. Kxd2 f5 21. f3 fxe4
22. Nxe4 Nxe4+ 23. fxe4 Rf4 24. Ke3 Bd7 25. Rag1 Raf8 26. h5 g5 27. Rg2 g4 28.
Rh4 Kg5 29. Rh1 Rh8 30. Rhg1 Rxh5 31. a3 Rh3+ 32. Kd2 Rxe4 33. b4 axb4 34. axb4
Rd4+ 35. Kc2 Ra3 36. Kb2 Re3 37. Kc2 Bf5+ 38. Kb2 Rd2+ 39. Kc1 Rdxe2 40. Kd1
Rxg2 41. Rxg2 Be4 42. Rg1 g3 43. Kd2 Rd3+ 44. Ke2 Kg4 45. c5 bxc5 46. bxc5 Rxd5
47. cxd6 cxd6 48. Ke3 Bf5 49. Ke2 Ra5 50. Ke3 Ra3+ 51. Ke2 d5 52. Kd2 d4 53. Ke2
e4 54. Kf1 Ra1+ 55. Kg2 Rxg1+ 56. Kxg1 Kf3 57. Kf1 g2+ 58. Ke1 g1=Q+ 59. Kd2
Qe3+ 60. Kc2 Qc3+ 61. Kb1 e3+ 62. Ka2 Be6+ 63. Kb1 Qd2 64. Ka1 Qa2# 0-1

[Event "Titled Tue 10th Jun Early"]
[Site "chess.com INT"]
[Date "2025.06.10"]
[Round "9"]
[White "Zong, Davis"]
[Black "Deng, Henry"]
[Result "0-1"]
[WhiteTitle "FM"]
[BlackTitle "FM"]
[WhiteElo "2242"]
[BlackElo "2327"]
[WhiteFideId "30903955"]
[BlackFideId "30965454"]
[EventDate "2025.06.10"]

1. d4 Nf6 2. c4 d6 3. Nc3 e5 4. dxe5 dxe5 5. Qxd8+ Kxd8 6. Bg5 c6 7. Nf3 Nd7 8.
e3 Kc7 9. Be2 a5 10. O-O Ne8 11. e4 f6 12. Be3 Bc5 13. Bxc5 Nxc5 14. b3 Nd6 15.
Nd2 Be6 16. a3 b6 17. b4 Na6 18. Rfb1 Rhd8 19. Kf1 Ra7 20. Ke1 Rda8 21. bxa5
bxa5 22. Na4 Nb7 23. Nb3 Rd8 24. Rd1 Raa8 25. f3 g5 26. Kf2 h5 27. g3 Bf7 28.
Ke3 Nd6 29. Rac1 Rdb8 30. Nbc5 Nxc5 31. Nxc5 Rb2 32. Rb1 Rxb1 33. Rxb1 Bxc4 34.
Bxc4 Nxc4+ 35. Kd3 Nb6 36. Ne6+ Kb7 37. Nc5+ Ka7 38. Ke3 Rd8 39. Ke2 Rd4 40. Rc1
Nc4 41. Nd7 Rxd7 42. Rxc4 Kb6 43. Ke3 Kb5 44. Rc3 c5 45. f4 gxf4+ 46. gxf4 c4
47. fxe5 fxe5 48. h4 Rd4 49. Rc1 Rd3+ 50. Ke2 Rxa3 51. Rf1 Rh3 52. Rf5 Rxh4 53.
Rxe5+ Kb4 54. Re8 c3 55. Rb8+ Kc4 56. Ke3 Rh3+ 57. Kf4 c2 58. Rc8+ Kb3 59. e5
Rc3 60. Rb8+ Ka3 61. e6 c1=Q+ 0-1

[Event "Titled Tue 10th Jun Early"]
[Site "chess.com INT"]
[Date "2025.06.10"]
[Round "9"]
[White "Yanev, Tihomir"]
[Black "Piesik, Piotr"]
[Result "0-1"]
[WhiteTitle "IM"]
[BlackTitle "IM"]
[WhiteElo "2354"]
[BlackElo "2436"]
[WhiteFideId "2910110"]
[BlackFideId "1136194"]
[EventDate "2025.06.10"]

1. e4 g6 2. d4 Bg7 3. Nc3 c6 4. f4 d5 5. e5 Nh6 6. Nf3 Bg4 7. Be3 Nf5 8. Bf2 h5
9. Be2 e6 10. O-O Bf8 11. h3 Bxf3 12. Bxf3 h4 13. Ne2 Qb6 14. c4 dxc4 15. Qc2
Qa6 16. Rfc1 Nd7 17. a4 Nb6 18. a5 Nd5 19. Qxc4 Qxc4 20. Rxc4 a6 21. Bxd5 exd5
22. Rc3 O-O-O 23. Rb3 Be7 24. Nc1 g5 25. fxg5 Rhg8 26. Rf3 Rxg5 27. Nd3 Rdg8 28.
Nf4 Bb4 29. Rd3 Rh8 30. Ra4 Be7 31. Rf3 Ng7 32. Ra1 Kd7 33. Nd3 Rf5 34. Rxf5
Nxf5 35. Kf1 Rg8 36. b4 Ng3+ 37. Bxg3 Rxg3 38. Rd1 Bg5 39. Kf2 Be3+ 40. Ke2 Bxd4
41. Rf1 Rxg2+ 42. Kd1 Ke7 43. Rf3 Rg3 44. Ke2 Rxf3 45. Kxf3 Ke6 46. Kf4 b6 47.
axb6 Bxb6 48. Kg4 Bd4 49. Kxh4 Bxe5 50. Kg5 Bf6+ 51. Kg4 Be7 52. h4 d4 53. h5
Kd5 54. Kf5 Kc4 55. Ne5+ Kc3 0-1